000 00303nam a2200097Ia 4500
082 _a306.47 SPER
245 0 _aFamous works of art in popular culture : a reference guide
100 _a SPERLING, Lynda Joy Westport, Conn., 2003
_975521
942 _cBK
008 210817s9999 xx 000 0 und d
999 _c249936
_d249935